=LDR 00000nam 2200000 4500 =001 INLIS000000000044760 =005 20141107094156.0 =006 =007 =008 Ind =035 ##$$a 0010-101300000002682 =041 ##$$a Ind =082 ##$$a 629.892 =090 ##$$a 629.892, Jat c =100 ##$$a Jatmika, Yusep Nur =245 ##$$a Cara Mudah MerakNareswatiit Robot Untuk Pemula, Yusep Nur Jatmika, Editor, Putri Erine =260 ##$$a 2011 $b Yogyakarta =300 ##$$a 196 Hl., 20 Cm =850 ##$$a NNT-CD